03086nam a2200517Ia 45000010005000000080041000050100009000460410014000550820022000692450085000912600013001763000007001895200007001966300016002036300026002196500039002456900016002847000037003007000048003379010057003859020006004429030045004489040018004939050057005119060006005689070014005749080014005889090095006029100015006979110010007129120014007229130009007369140026007459150019007719160009007909170009007999180014008089190016008225201671008389210007025099220007025169230006025239240014025299420010025439990015025531621241029s9999 xx 000 0 und d a1515 aEspañol aRSTA MAPE 2001-23 0aUniversalización de la obligatoriedad del Grado Pre-primario del Nivel Inicial aSantiago a88 a36 aEducación aEducación no Formal aAdministración de la Educación aSintetizado easesoraDe los Santos, Saturnino eautoraPimentel Valenzuela, Gloria Josefina a{"1":"Pimentel Valenzuela"}b{"1":"Gloria Josefina"} a1 a{"1":"De los Santos"}b{"1":"Saturnino"} aMaestría en aAdministración y Planificación de la Educación a2 aNO APLICA aNO APLICA aPontificia Universidad Católica Madre y Maestra (PUCMM), Recinto Santo Tomás de Aquino aNULLbNULL a["1"] aNO APLICA aNULL a01 de Febrero de 2001 a17/09/14 03:09 aNULL aNULL aNO APLICA a["72","78"] aLa educación inicial hace su incursión en el Sistema Educativo oficial en el año 1979 a través de la creación del Departamento de Educación Inicial, desarrollando programas de educación no formal, con base en la comunidad, focalizados en la región Suroeste del país, bajo el auspicio de UNICEF. La expansión de este Nivel ha estado manejada por la iniciativa privada.La Ley 66-97 reconoce la educación inicial como el primer nivel del Sistema Educativo. En 1963 se crea la Sección de Educación Preescolar y en 1966 se estable oficialmente la educación preescolar sin obligatoriedad. En 1978 mediante Orden Departamental 3?78 se crea un proyecto dirigido a ampliar los servicios de desarrollo integral a los niños de 3 a 6 años, en zonas urbanas marginales y rurales deprimidas, a través de la educación no formal. La segunda prioridad es el establecimiento del preescolar obligatorio, conceptualizado éste como un espacio sistematizado que favorecen posteriormente diversas aptitudes para el aprendizaje. Según UNESCO y OREALC que tiene como fin la construcción social del pensamiento y de la persona.En el Congreso del Plan Decenal (1992) se asume el compromiso de promover la educación preescolar entre los grupos más desfavorecidos del país. La UNESCO ha demostrado que los programas de la primera infancia tienen efectos multidimensionales en los niños, promueven el desarrollo psicosocial, que se expresa en la mayoría del desarrollo cognitivo (pensamiento, razonamiento), desarrollo social (relaciones con los demás), desarrollo emocional, niveles de autoestima y seguridad de la capacidad lingüística. a11 a11 a0 aNO APLICA cTesis c1515d1515